000 00670cam a2200193 a 4500
001 000018729
005 20200929165840.0
008 780920t19741971sp 000 d spa
040 _aDO-SdBNP
_bspa
_cDLC
_dBNPHU
082 _a862.6
100 1 _aCasona, Alejandro,
_d1903-1965.
_915037
245 1 4 _aLos árboles mueren de pié :
_bcomedia en tres actos, el tercero dividido en dos cuadros /
_coriginal de Alejandro Casona.
260 _aMadrid, (España) :
_bEscelicer,
_c[1974?] c1971.
300 _a103 p. ;
_c16 cm.
490 0 _aColección Teatro
650 4 _aTeatro español
_93071
650 4 _aLiteratura española
_9632
910 _aCatalogación derivada / LC
999 _c18249
_d18249